000 00770nam a2200265Ia 4500
003 OSt
005 20221005043607.0
006 a|||||r|||| 00| 0
007 ta
008 221004b |||||||| |||| 00| 0 eng d
020 _a0860785963
024 _a19569
037 _cTextual
040 _aCRL
_cCRL
_beng
041 _2eng
_aeng
082 _aX:9J2:(L:5119).1'N9, N6
100 _aShlomowitz Ralph
_9591727
245 0 _aMortality and migration in the mordern world
260 _aGreat
_bBritain Variorum USA
_c1996
300 _aVarious pagination
_ccm.
490 _aVariorum collected studies series : 553.
650 _aECONOMICS
942 _hX:9J2:(L:5119).1'N9, N6
_cTEXL
_2cc
999 _c952136
_d952136